00540nam a2200157 a 450000100100000000500170001000800410002704000250006808200170009310000280011024500490013826000350018730000280022295201150025099900170036500004144120201002034907.0131004s1912 xxua 000 0 spa d aDO-SdBNPbspacBNPHU axxxxxbxxxxx1 aElías, Alfredo96811510aLecturas hispanas modernas /cAlfredo Elias. aBoston :bD. C. Health,c1912. a410 p. :bil. ;c19 cm. 001050718MOaGRbGRcHDd2013-10-04iLF1l0oxxxxx xxxxxp41441-10r2020-06-25w2020-06-25y1ZNo se presta c40931d40931